Kesetiaan kepada raja dan negara

Bibliographic Details
Main Author: Ahmad Marzuki Ismail
Other Authors: Maruwiah Ahmat
Format: Book
Published: Selangor : Eagle Publications , 2008
Series:Mengenali rukun negara
Subjects:

MARC

LEADER 00000cam a2200000 7i4500
001 0000027148
005 20151222.0
008 090817
020 |a 9833537662 
090 0 0 |a PR   |b MAL 
100 1 |a Ahmad Marzuki Ismail 
245 1 0 |a Kesetiaan kepada raja dan negara   |c Ahmad Marzuki Ismail 
260 |a Selangor :   |b Eagle Publications ,   |c 2008 
440 |a Mengenali rukun negara 
500 |a Children ages 10-12 years old (pink) 
650 0 |a Rukunnegara 
650 0 |a Unity and plurality 
700 1 |a Maruwiah Ahmat 
999 |a 0001055793   |b Book   |c Children Collection   |e Cawangan Tmn. Ungku Tun Aminah 
999 |a 0001055794   |b Book   |c Children Collection   |e Perbadanan Perpustakaan Awam Johor 
999 |a 0001055795   |b Book   |c Children Collection   |e Perbadanan Perpustakaan Awam Johor 
999 |a 0001055796   |b Book   |c Children Collection   |e Cawangan Batu Pahat 
999 |a 0001136230   |b Book   |c Children Collection   |e Perbadanan Perpustakaan Awam Johor